000 00516cam a22002171 4500
001 sa 67004566
003 DLC
005 20260227112348.0
008 900125s1967 ii 000 1 hino
010 _asa 67004566
035 _a(OCoLC)20958107
040 _aDLC
_cWaU
_dDLC
042 _apremarc
050 0 0 _aPK2098.29.I747
_bA64
100 1 _aMisra, Rama Kant.
245 1 0 _aĀdi kavi Vālmīki.
260 _c[1967]
300 _a192 p.
_c19 cm.
500 _aIn Hindi.
600 0 0 _aVālmīki
_vFiction.
999 _c74587
_d74587